000 00935nam a2200241 a 4500
003 BD-DhJNU
005 20251104050408.0
008 060113s2005 enka 001 0 eng d
020 _a184150078X
040 _aBD-DhJNU
_bENG
_cBD-DhJNU
_dBD-DhJNU
082 0 0 _a781.542 POP
_223
245 0 0 _aPop fiction :
_bthe song in cinema /
_cedited by Steve Lannin and Matthew Caley.
260 _aBristol, UK ;
_aPortland, Or. :
_bIntellect,
_cc2005.
300 _a173 p. ;
_bill. ;
_c23 cm.
504 _aIncludes bibliographical references and index.
650 0 _aMotion picture music
_xHistory and criticism.
650 0 _aPopular music
_xHistory and criticism.
700 1 _aLannin, Steve.
700 1 _aCaley, Matthew.
856 4 2 _3Publisher description
_uhttp://www.loc.gov/catdir/enhancements/fy0801/2006271816-d.html
856 4 1 _3Table of contents only
_uhttp://www.loc.gov/catdir/enhancements/fy0801/2006271816-t.html
942 _cBK
999 _c2338
_d2338